| 000 | 00870nam a2200253 i 4500 | ||
|---|---|---|---|
| 001 | 11233 | ||
| 003 | ES-MaACL | ||
| 005 | 20240227155459.0 | ||
| 007 | t| | ||
| 008 | 960325s1995 sp f ||||1| spa d | ||
| 020 | _a84-309-2749-2 | ||
| 080 | _a7.025.3/.4(091) | ||
| 100 | 1 |
_aMacarrón Miguel, Ana María. _975057 |
|
| 245 | 1 | 0 |
_aHistoria de la conservación y la restauración _b: desde la antigüedad hasta finales del siglo XIX / _cAna Mª Macarrón Miguel. |
| 260 |
_aMadrid : _bTecnos, _c1995. |
||
| 300 |
_a89 p., [16] p. de lám. ; _c22 cm. |
||
| 490 | 1 | _aVentana abierta | |
| 504 | _aBibliografía: p. 185-188. | ||
| 650 | 1 | 4 |
_aObras de arte- _xPreservación- _vHistoria. _915665 |
| 650 | 1 | 4 |
_aObras de arte- _xRestauración- _vHistoria. _915667 |
| 830 | 0 |
_aVentana abierta _9179022 |
|
| 852 | 4 |
_aES-MaACL _jL-18576 |
|
| 999 |
_c11233 _d11233 |
||